000 00281nam a22001337a 4500
008 170925b xxu||||| |||| 00| 0 eng d
020 _a0226753328
041 _aeng
080 _a37
100 _a46
101 _aEDU
245 _aTHE ACADEMIC ETHIC
_cSHILS,E
942 _2udc
_cBK
999 _c29540
_d29540